question about every NBA season (2000-09) - Statistics

General Stats
  • This quiz has been taken 8 times
  • The average score is 7 of 10
Answer Stats
Hint Answer % Correct
what number did Kobe Bryant change to in the 2006-07 NBA season 24
100%
NBA team that relocated to OKC in the 2008-09 NBA season Seattle Supersonics
100%
NBA player drafted to Supersonics in the 2007-08 NBA season 2nd overall Kevin Durant
88%
NBA player drafted #1 in the 2003-04 season LeBron James
88%
best record in the league in 2000-01 San Antonio Spurs
75%
team that defeated the Lakers that just 3-peated in 2002-03 San Antonio Spurs
63%
who won DPOY in the year 2000 Alonzo Mourning
50%
31st pick in 2001-02 NBA draft (to Warriors) Gilbert Arenas
50%
2004-05 ASG MVP Allen Iverson
25%
arena the New Orleans Hornets called home for most of the 2005-06 NBA season (hurricane Katrina moved their location) Ford Center
13%
No matching quizzes found
Score Distribution
Percent of People with Each Score
Percentile by Number Answered
Your Score History
You have not taken this quiz